Manual of tests and criteria for transport of dangerous goods. (Record no. 2673)

000 -LEADER
fixed length control field nam a22 a 4500
003 - CONTROL NUMBER IDENTIFIER
control field AKMAL
005 - DATE AND TIME OF LATEST TRANSACTION
control field 20170517151033.0
008 - FIXED-LENGTH DATA ELEMENTS--GENERAL INFORMATION
fixed length control field 111205s2010 my | e u o000 0 eng
039 #9 - LEVEL OF BIBLIOGRAPHIC CONTROL AND CODING DETAIL [OBSOLETE]
Level of rules in bibliographic description 201202291448
Level of effort used to assign nonsubject heading access points rosenah
Level of effort used to assign subject headings 201202211143
Level of effort used to assign classification zuraidahm
Level of effort used to assign subject headings 201201101453
Level of effort used to assign classification azril
Level of effort used to assign subject headings 201112051506
Level of effort used to assign classification ety
040 ## - CATALOGING SOURCE
Original cataloging agency AKMAL
082 04 - DEWEY DECIMAL CLASSIFICATION NUMBER
Classification number 604.70287 DSM
Edition number 22
090 00 - LOCALLY ASSIGNED LC-TYPE CALL NUMBER (OCLC); LOCAL CALL NUMBER (RLIN)
Classification number (OCLC) (R) ; Classification number, CALL (RLIN) (NR) 604.70287
Local cutter number (OCLC) ; Book number/undivided call number, CALL (RLIN) DSM
110 1# - MAIN ENTRY--CORPORATE NAME
Corporate name or jurisdiction name as entry element Malaysia.
Subordinate unit Jabatan Standard
9 (RLIN) 5568
245 1# - TITLE STATEMENT
Title Manual of tests and criteria for transport of dangerous goods.
Number of part/section of a work Part 3,
Name of part/section of a work Classification procedures, test methods and criteria relating to self-reactive substances of division 4.1 and organic peroxides of division 5.2 - section 5: test series D /
Statement of responsibility, etc. Department of Standards
260 ## - PUBLICATION, DISTRIBUTION, ETC.
Place of publication, distribution, etc. Cyberjaya :
Name of publisher, distributor, etc. Department of Standards Malaysia,
Date of publication, distribution, etc. 2010
300 ## - PHYSICAL DESCRIPTION
Extent iii, 3p. ;
Dimensions 30cm.
490 1# - SERIES STATEMENT
Series statement Malaysian standard
500 ## - GENERAL NOTE
General note Cover title
650 10 - SUBJECT ADDED ENTRY--TOPICAL TERM
Topical term or geographic name entry element Hazardous substances
General subdivision Transportation
-- Testing
9 (RLIN) 5584
650 20 - SUBJECT ADDED ENTRY--TOPICAL TERM
Topical term or geographic name entry element Transportation
General subdivision Safety measures
9 (RLIN) 5585
830 #0 - SERIES ADDED ENTRY--UNIFORM TITLE
Uniform title Malaysian standards.
Number of part/section of a work MS 1990-3-5 : 2010
9 (RLIN) 5586
942 ## - ADDED ENTRY ELEMENTS (KOHA)
Source of classification or shelving scheme
Koha item type Book
Holdings
Withdrawn status Lost status Source of classification or shelving scheme Damaged status Not for loan Collection code Home library Current library Shelving location Date acquired Inventory number Total Checkouts Full call number Barcode Date last seen Price effective from Koha item type
          NON-FICTION AKMAL Melaka AKMAL Melaka PINJAMAN 17.05.2017 602635   604.70287 DSM 201703565 17.05.2017 17.05.2017 Book
Pusat Sumber Maklumat Dato' Haji Sarmin Md Hussin, Akademi Kastam Diraja Malaysia, Melaka
Tel: 06-2331106 | Faks: 06-2313787